| 000 | 00741cam a22002532 4500 | ||
|---|---|---|---|
| 001 | 28584 | ||
| 003 | BD-RJUL | ||
| 005 | 20211209051313.0 | ||
| 008 | 140331s1977 bg b b 001 0 eng | ||
| 035 |
_aOCLC ocm04638928 from D960827M _a(BD-RJUL)28665 |
||
| 040 |
_aDLC _cDLC _dEQO _dBD-RJUL _beng |
||
| 041 | _aeng | ||
| 082 | 0 | 0 |
_a954.92 _bRAG 1977 |
| 100 | 1 |
_aRashid, Haroun. _966242 |
|
| 245 | 1 | 0 |
_aGeography of Bangladesh / _cHaroun er Rashid. |
| 260 |
_aDacca : _bUniversity Press, _c1977. |
||
| 300 |
_axvi, 579 p. : _bmaps ; _c22 cm. |
||
| 504 | _aBibliography: p. [539]-566. | ||
| 504 | _aIncludes index. | ||
| 651 | 0 |
_aBangladesh _xGeography. _987542 |
|
| 942 |
_2ddc _cBK |
||
| 999 |
_c28584 _d28584 |
||